|
|
|
|
| LEADER |
00000nam a2200000 a 4500 |
| 001 |
vtls001221635 |
| 003 |
SK-MaSNL |
| 005 |
20260318150320.0 |
| 008 |
251113s1996 xo a r y slo |
| 015 |
|
|
|a SNBA1997/0100009
|
| 020 |
|
|
|a 8022708941
|c 14,00 Sk (200 výt.)
|
| 035 |
|
|
|a SNK000166848
|
| 035 |
|
|
|a urn:nbn:sk:snk-amltb3
|
| 035 |
|
|
|a urn:nbn:sk:snk-am00cdj6
|
| 035 |
|
|
|a 47BB73A7-69BA-4901-BA53-CE288DD33E49
|
| 040 |
|
|
|a SNK
|b slo
|c SNK
|e AACR2
|
| 041 |
0 |
|
|a slo
|
| 044 |
|
|
|a xo
|c SK
|
| 080 |
|
|
|a 574
|2 2011
|
| 080 |
|
|
|a 504.75(075.8)
|2 1981
|
| 100 |
1 |
|
|a Kusin, Vasko,
|d 1943-
|4 aut
|9 92890
|
| 245 |
1 |
0 |
|a Humánna ekológia
|b vybrané kapitoly z humánnej ekológie
|c Vasko Kusin, Viliam Končal
|
| 260 |
|
|
|a Bratislava
|b Slovenská technická univerzita
|c 1996
|
| 300 |
|
|
|a 55 s.
|c 29 cm
|
| 490 |
1 |
|
|a Edícia skrípt
|
| 504 |
|
|
|a Bibliogr. s. 54
|
| 650 |
0 |
7 |
|a ekológia
|2 SNKPH
|9 785
|
| 655 |
|
7 |
|a Textbooks (higher)
|2 SNKPHeng
|9 276436
|
| 655 |
|
7 |
|a učebnice vysokých škôl
|2 SNKPH
|9 70191
|
| 700 |
1 |
|
|a Končal, Viliam,
|d 1943-
|4 aut
|9 7590
|
| 810 |
2 |
|
|a Slovenská technická univerzita v Bratislave
|t Edícia skrípt
|9 180632
|
| 919 |
|
|
|a 80-227-0894-1
|
| 958 |
0 |
7 |
|a RM
|
| 958 |
0 |
7 |
|a NB
|
| 958 |
0 |
7 |
|a UV
|
| 958 |
|
|
|a OND
|
| 999 |
|
|
|c 883448
|d 885378
|
| 952 |
|
|
|t P60, <04>, [BOOK], {604}
|a SNK
|b SNK
|y VYP
|7 0
|p 17A0014224
|o snkSB 56011 D1
|i snkKSP 8966/96
|0 0
|1 0
|4 0
|d 1996-10-22
|l 0
|r 2005-01-01 00:00:00
|w 2026-02-24
|
| 952 |
|
|
|t P60, <09>, [BOOK], {629}
|a SNK
|b SNK
|y NEVYP
|7 0
|o snkB 1070
|i snk3606/961024
|0 0
|1 0
|4 0
|d 1996-10-22
|l 0
|r 2005-01-01 00:00:00
|w 2026-02-24
|
| 952 |
|
|
|t P60, <03>, [BOOK], {603}
|a SNK
|b SNK
|y PREZ
|7 0
|p 17A0014225
|o snkSB 56011
|i snkKSP 8965/96
|0 0
|1 0
|4 0
|d 1996-10-22
|f 1
|l 0
|r 2025-04-02 00:00:00
|w 2026-02-24
|